000 00609nam a22002297a 4500
005 20220721170122.0
008 220721b ||||| |||| 00| 0 eng d
020 _a1555282857
040 _cAL
041 _aEnglish
082 _223
_a954
_bPATE
100 _aShivraj V Patil
_952492
245 _aEmerging Vision of India
260 _aLadnun
_bJain Vishva Bharati
_c1996
300 _axix,175 p.
_bHB
_c28x21 cm.
650 _aIndia
_952493
650 _aPolitical
_952494
650 _aEconomic
_952495
650 _aSocio Cultural
_952496
700 _aPATIL (Shivraj V)
_952497
942 _2ddc
_cGF
999 _c224093
_d224093